00310nam a22001217a 4500003000400000020001800004082001800022100002300040245003400063260005700097300001000154650002400164SGT a9789350909751 a617.632bM14P aPremkumar Sridhar  aManual Of Pediatric Dentistry aNEW DELHI bJaypee Brothers Medical Publishersc2014 a1-887 aPediatric Dentistry